000 00477nam a2200169Ia 4500
999 _c13355
_d13355
003 OSt
005 20211102124132.0
008 190216s9999||||xx |||||||||||||| ||und||
040 _coclc
082 _a954.14
_bLAP/C
100 1 _aLapierre, Dominique
_92043
245 4 _aThe City Of Joy /
_cDominique Lapierre
260 _bArrow Books,
_c1985.
_aLondon:
300 _a514p
650 _aEnglish Novel
942 _cBK
_2ddc
_h954.14
_iLAP/C
_k954.14
_mLAP/C